Statistics for Hockey legends from Finland by picture

Click here to take the quiz!

General Stats

  • This quiz has been taken 61 times
  • The average score is 8 of 15

Answer Stats

Answer% Correct
Teemu Selänne
100%
Jari Kurri
88%
Saku Koivu
79%
Olli Jokinen
68%
Esa Tikkanen
67%
Jere Lehtinen
61%
Teppo Numminen
56%
Raimo Helminen
54%
Ville Peltonen
49%
Raimo Summanen
46%
Marko Anttila
42%
Marko Kiprusoff
35%
Reijo Ruotsalainen
33%
Jyrki Lumme
30%
Ari Sulander
21%

Score Distribution

Percentile by Number Answered

Percent of People with Each Score

Your Score History

You have not taken this quiz